| 000 | 00565nam a2200205 u 4500 | ||
|---|---|---|---|
| 005 | 20240912063833.0 | ||
| 008 | 100518s2006 r 000 0 eng d | ||
| 020 | _a9505077912 | ||
| 035 | _aUPN01000175936 | ||
| 049 | _aI | ||
| 050 | 4 |
_aPZ74.9 _bM3.28 |
|
| 100 | 1 |
_aMartín, Susana _931913 |
|
| 245 | 1 | 1 |
_a¡Auxilio -- un monstruo! / _cSusana Martín. |
| 260 |
_aBuenos Aires : _bBonum, _cc2006. |
||
| 300 |
_a157 p. : _bil. |
||
| 440 | 0 | _aLuna de papel | |
| 650 | 4 |
_aCuentos infantiles argentinos _97466 |
|
| 650 | 4 |
_aCiencia ficción _95230 |
|
| 905 | _aLibro | ||
| 999 |
_c148039 _d148039 |
||